Statistics for 最上静香のCD収録楽曲

Click here to take the quiz!

General Stats

  • This quiz has been taken 7 times
    (2 since last reset)
  • The average score is 46 of 87

Answer Stats

発売日シングル/アルバム名楽曲名% Correct
2016-08-10THE IDOLM@STER MILLION RADIO!ターンオンタイム!
100%
2013-05-29THE IDOLM@STER LIVE THE@TER PERFORMANCE 02Legend Girls!!
100%
2024-03-27THE IDOLM@STER MILLION RADIO!ターンオンタイム!-MR remix-
100%
2013-05-29THE IDOLM@STER LIVE THE@TER PERFORMANCE 02Precious Grain
100%
2013-04-24THE IDOLM@STER LIVE THE@TER PARFORMANCE 01Thank You!
100%
2014-04-30THE IDOLM@STER LIVE THE@TER PERFORMANCE 13Thank You!
100%
2021-12-01THE IDOLM@STER STARLIT SEASON 01Thank you!
100%
2013-04-24THE IDOLM@STER LIVE THE@TER PARFORMANCE 01Thank You!(765THEATER ver.)
100%
2024-02-21THE IDOLM@STER MILLION ANIMATION THE@TER START THE DREAMThank You!(Acoustic ver.)
100%
2014-06-04THE IDOLM@STER MILLION RADIO!Thank You! -MR remix-
100%
2021-03-17THE IDOLM@STER CINDERELLA GIRLS STARLIGHT MASTER COLLABRATIONハーモニクス
50%
2018-12-26THE IDOLM@STER MILLION THE@TER GENERATION 12ハーモニクス
50%
2018-12-26THE IDOLM@STER MILLION THE@TER GENERATION 12餞の鳥
50%
2020-09-30「アイドルマスターシリーズ」15周年記念曲なんどでも笑おう
50%
2022-04-13THE IDOLM@STER STARLIT SEASON 04ダンス・ダンス・ダンス
50%
2021-03-17THE IDOLM@STER CINDERELLA GIRLS STARLIGHT MASTER COLLABRATION餞の鳥
50%
2021-12-01THE IDOLM@STER STARLIT SEASON 01お願い!シンデレラ
50%
2017-01-11THE IDOLM@STER LIVE THE@TER FORWARD 02プリムラ
50%
2023-05-31THE IDOLM@STER MILLION THE@TER VARIETY 03春風満帆スターティング
50%
2023-07-26THE IDOLM@STER MILLION LIVE!(シアターデイズ6周年)グッドサイン
50%
2023-08-23THE IDOLM@STER MILLION ANIMATION THE@TERセブンカウント
50%
2018-10-24THE IDOLM@STER THE@TER ACTIVITIES THE@TER BOOST 02オーディナリィ・クローバー
50%
2020-09-30「アイドルマスターシリーズ」15周年記念曲なんどでも笑おう(最上静香 ソロ)
50%
2016-12-17アイドルマスター ミリオンライブ! 第5巻オリジナルCD君との明日を願うから
50%
2015-12-02THE IDOLM@STER LIVE THE@TER DREAMERS 03アライブファクター
50%
2024-04-24THE IDOLM@STER MILLION C@STING 04銀のテーブル木苺ジャム
50%
2021-06-23THE IDOLM@STER MILLION THE@TER WAVE 18ABSOLUTE RUN!!!
50%
2021-06-23THE IDOLM@STER MILLION THE@TER WAVE 18Be proud
50%
2023-12-06『異次元フェス アイドルマスター★♥ラブライブ!歌合戦』テーマソング異次元★♥BIGBANG
50%
2022-01-19THE IDOLM@STER STARLIT SEASON 02Brand New Theater!
50%
2017-07-26THE IDOLM@STER MILLION THE@TER GENERATION 01Brand New Theater!
50%
2024-02-21THE IDOLM@STER MILLION ANIMATION THE@TER START THE DREAMBrand New Theater!
50%
2017-11-22THE IDOLM@STER MILLION THE@TER GENERATION 02Brand New Theater!
50%
2018-04-04THE IDOLM@STER MILLION LIVE! M@STER SPARKLE 08Brand New Theater!
50%
2017-01-11THE IDOLM@STER LIVE THE@TER FORWARD 02brave HARMONY
50%
2014-09-24THE IDOLM@STER LIVE THE@TER HARMONY 03Catch my dream
50%
2022-10-26THE IDOLM@STER MILLION THE@TER SEASONCriminally Dinner ~正餐とイーヴルナイフ~
50%
2022-03-24THE IDOLM@STER MILLION LIVE! M@STER SPARKLE2 05Cross the future
50%
2018-10-24THE IDOLM@STER THE@TER ACTIVITIES THE@TER BOOST 02DIAMOND DAYS
50%
2015-09-30THE IDOLM@STER LIVE THE@TER DREAMERS 01Dreaming!
50%
2015-12-02THE IDOLM@STER LIVE THE@TER DREAMERS 03Dreaming!
50%
2017-07-26THE IDOLM@STER MILLION THE@TER GENERATION 01Dreaming!
50%
2016-08-10THE IDOLM@STER MILLION RADIO!Dreaming! -MR remix-
50%
2020-04-29THE IDOLM@STER MILLION RADIO!ENDLESS TOUR
50%
2022-10-26THE IDOLM@STER MILLION THE@TER SEASONESPADA
50%
2021-07-28THE IDOLM@STER MILLION THE@TER SEASONEVERYDAY STARS!!(フェアリースターズ ver.)
50%
2017-11-22THE IDOLM@STER MILLION THE@TER GENERATION 02FairyTaleじゃいられない
50%
2019-07-24THE IDOLM@STER MILLION THE@TER WAVE 01Flyers!!!
50%
2020-04-29THE IDOLM@STER MILLION RADIO!Flyers!!! -MR remix-
50%
2024-02-21THE IDOLM@STER MILLION ANIMATION THE@TER START THE DREAMG線上のアリア
50%
2024-02-21THE IDOLM@STER MILLION ANIMATION THE@TER START THE DREAMGift Sign
50%
2020-08-26THE IDOLM@STER MILLION THE@TER WAVE 10Glow Map
50%
2015-03-17アイドルマスター ミリオンライブ! 第1巻オリジナルCDGO MY WAY!!
50%
2022-04-13THE IDOLM@STER STARLIT SEASON 04GR@TITUDE
50%
2021-10-06THE IDOLM@STER STARLIT SEASON 00GR@TITUDE
50%
2022-10-26THE IDOLM@STER MILLION THE@TER SEASONHarmony 4 You
50%
2021-07-28THE IDOLM@STER MILLION THE@TER SEASONHarmony 4 You
50%
2014-10-22THE IDOLM@STER M@STERS OF IDOL WORLD!!2014 特典CDIDOL POWER RAINBOW
50%
2021-03-17THE IDOLM@STER CINDERELLA GIRLS STARLIGHT MASTER COLLABRATIONJet to the future
50%
2016-06-08THE IDOLM@STER M@STERS OF IDOL WORLD!!2015 特典CDアイ MUST GO!
50%
2022-07-27THE IDOLM@STER MILLION THE@TER SEASON夢にかけるRainbow
50%
2022-07-27THE IDOLM@STER MILLION THE@TER SEASON夢にかけるRainbow(フェアリースターズ ver.)
50%
2023-08-23THE IDOLM@STER MILLION ANIMATION THE@TERRat A Tat!!!
50%
2022-03-02THE IDOLM@STER STARLIT SEASON 03READY!!
50%
2024-02-21THE IDOLM@STER MILLION ANIMATION THE@TER START THE DREAMREADY!!(Anime ver.)
50%
2024-02-21THE IDOLM@STER MILLION ANIMATION THE@TER START THE DREAMREADY!!(M@STER VERSION)
50%
2023-10-25THE IDOLM@STER MILLION ANIMATION THE@TER MILLIONSTARS Team8thREFRAIN REL@TION
50%
2024-02-21THE IDOLM@STER MILLION ANIMATION THE@TER START THE DREAMREFRAIN REL@TION
50%
2023-03-29THE IDOLM@STER MILLION RADIO!SECOND LIVINGROOM
50%
2014-09-24THE IDOLM@STER LIVE THE@TER HARMONY 03Shooting Stars
50%
2017-10-25THE IDOLM@STER MILLION LIVE! M@STER SPARKLE 03SING MY SONG
50%
2024-02-21THE IDOLM@STER MILLION ANIMATION THE@TER START THE DREAMSnow White
50%
2021-12-01THE IDOLM@STER STARLIT SEASON 01THE IDOLM@STER
50%
2022-03-02THE IDOLM@STER STARLIT SEASON 03UNION!!
50%
2018-08-29THE IDOLM@STER MILLION THE@TER GENERATION 11UNION!!
50%
2014-06-04THE IDOLM@STER MILLION RADIO!U・N・M・E・I ライブ
50%
2023-03-29THE IDOLM@STER MILLION RADIO!U・N・M・E・I ライブ -MR remix-
50%
2024-02-21THE IDOLM@STER MILLION ANIMATION THE@TER START THE DREAMWe Have A Dream(Anime ver.)
50%
2014-09-24THE IDOLM@STER LIVE THE@TER HARMONY 03Welcome!!
50%
2018-08-29THE IDOLM@STER MILLION THE@TER GENERATION 11Welcome!!
50%
2015-09-30THE IDOLM@STER LIVE THE@TER DREAMERS 01Welcome!!
50%
2015-08-26THE IDOLM@STER MILLION RADIO! DJCD Vol.01Welcome!! -MR remix-
50%
2015-03-17アイドルマスター ミリオンライブ! 第1巻オリジナルCD蒼い鳥
0%
2024-03-27THE IDOLM@STER MILLION RADIO!さんぶんのいち
0%
2016-07-17アイドルマスター ミリオンライブ! 第4巻オリジナルCDFlooding
0%
2022-03-02THE IDOLM@STER STARLIT SEASON 03アイシテの呪縛~Je vous aime~
0%
2018-05-16『Animelo Summer Live 2018 "OK!"』テーマソングStand by...MUSIC!!!
0%

Score Distribution

Percentile by Number Answered

Percent of People with Each Score

Your Score History

You have not taken this quiz since the last reset